| 000 | 00692nam a2200217 i 4500 | ||
|---|---|---|---|
| 001 | 188050 | ||
| 003 | SpMaBN | ||
| 005 | 20230906223109.0 | ||
| 008 | 180420s1951 sp |||| | spa d | ||
| 080 | _a821.111(73)-31"19" | ||
| 100 | 1 |
_aSchulberg, Budd. _9104754 |
|
| 245 | 1 | 1 |
_a¿Por qué corre Sammy? _b: novela / _cBudd Schulberg ; [traducción del inglés por J. Romero de Tejada]. |
| 250 | _a1ª ed. | ||
| 260 |
_aBarcelona : _bPlaneta, _c1951. |
||
| 300 |
_a310 p. ; _c20 cm. |
||
| 490 | 1 |
_aColección Goliat ; _v17 |
|
| 700 | 1 |
_aRomero de Tejada, J. _999376 |
|
| 830 | 0 |
_aColección Goliat ; _v17 _9185597 |
|
| 852 |
_aES-MaACL _jL-31930 _z- Enc. cart |
||
| 999 |
_c188050 _d188050 |
||